| 000 | 01513nam0a2200373 4500 | ||
|---|---|---|---|
| 001 | RU\NLR\bibl\1390529 | ||
| 005 | 20250615200756.0 | ||
| 010 |
_a978-5-9926-0220-3 _9500 |
||
| 021 |
_aRU _b2009-37867 _92298 |
||
| 035 | _a(nilc)RSL-KNO-004327463 | ||
| 035 | _a(NLR Aleph) 001382574 | ||
| 090 |
_a1111430 _c1111430 |
||
| 100 | _a20090515d2008 |||y0rusy50 ca | ||
| 101 | 0 | _arus | |
| 102 | _aRU | ||
| 105 | _aa zzzz||||| | ||
| 200 | 1 |
_aВегетативная регуляция сердечного ритма: результаты и перспективы исследований _eмонография _fЕ. В. курьянова _gФедеральное агентство по образованию, Астраханский гос. ун-т |
|
| 210 |
_aАстрахань _cАстраханский ун-т _d2008 |
||
| 215 |
_a139 с. _cил., табл. _d21 |
||
| 300 | _aНа 4-й с. обл. авт.: Курьянова Е.В. - доц., к.б.н. | ||
| 320 | _aБиблиогр.: с. 120-139 (230 назв.) | ||
| 606 | 1 |
_aСердце _xРитм _xРегуляция _91677935 _3RU\NLR\auth\661043561 |
|
| 686 |
_aЕ911.1-738,0 _2rubbk |
||
| 686 | _aЕ911.18 | ||
| 686 | _aР252.701 | ||
| 700 | 1 |
_aКурьянова _bЕ. В. _gЕвгения Владимировна _4070 |
|
| 801 | 0 |
_aRU _bРКП _c20090515 _grcr |
|
| 801 | 1 |
_aRU _bРГБ _c20090515 |
|
| 801 | 2 |
_aRU _bNLR _c20090708 _grcr |
|
| 830 | _aавт. по кн. | ||
| 942 | _cBOOK | ||
| 980 | _aNB | ||
| 980 | _aNBR | ||